000 00999cam a22002651a 4500
001 agr38000019
003 DLC
005 20260227110956.0
008 830311s1937 dcu b f001 0 eng
010 _aagr38000019
035 _a(OCoLC)9303786
040 _aDLC
_cScFlM
_dDLC
042 _apremarc
050 0 0 _aZ5075.U5
_bE225
100 1 _aEdwards, Everett Eugene,
_d1900-
245 1 0 _aReferences on agricultural history as a field for research /
_cby Everett E. Edwards.
260 _aWashington, D.C. : U. S. Dept. of Agriculture, Library,
_c[1937]
300 _av, 41 p.
_c27 cm.
490 1 _aUnited States. Dept. of Agriculture. Library. Bibliographical contributions ;
_vno. 32
500 _aMimeographed.
500 _aContribution from the Bureau of Agricultural Economics.
500 _aIncludes index.
650 0 _aAgriculture
_zUnited States
_xHistory
_vBibliography.
810 1 0 _aUnited States.
_bDepartment of Agriculture.
_bLibrary.
_tBibliographical contributions ;
_vno. 32.
999 _c9833
_d9833